Na čem založit budování vztahů se zákazníkem?

Vzťah so zákazníkom by mal vychádzať s poznávania jeho potrieb. Začlenenie budovania vzťahov so zákazníkom do procesného modelu firmy. Tri základné ciele pri budovaní vzťahu so zákazníkmi.

Salvato in:
Dettagli Bibliografici
Autore principale: Pavelka, Jan
Natura: Capitolo di libro
Lingua:ceco
Soggetti:
Tags: Aggiungi Tag
Nessun Tag, puoi essere il primo ad aggiungerne!!

MARC

LEADER 00000naa a2200000 4500
001 r044544
005 20230522104623.2
041 0 |a cze 
044 |a CZ 
245 1 0 |a Na čem založit budování vztahů se zákazníkem?  |c Jan Pavelka 
520 |a Vzťah so zákazníkom by mal vychádzať s poznávania jeho potrieb. Začlenenie budovania vzťahov so zákazníkom do procesného modelu firmy. Tri základné ciele pri budovaní vzťahu so zákazníkmi. 
610 2 0 |a zákazníci 
610 2 0 |a vzťahy funkčné 
610 2 0 |a odbyt 
610 2 0 |a podpora predaja 
100 1 |a Pavelka, Jan